Разработка методики экспертизы дизайна сайта с целью выявления целесообразности его изменений; Молодежь и современные информационные технологии

Detalhes bibliográficos
Parent link:Молодежь и современные информационные технологии.— 2019.— [С. 482-483]
Autor principal: Козаченко Е. Е. Екатерина Евгеньевна
Autor Corporativo: Национальный исследовательский Томский политехнический университет Инженерная школа информационных технологий и робототехники Отделение автоматизации и робототехники (ОАР)
Outros Autores: Шкляр А. В. Алексей Викторович
Resumo:Заглавие с титульного экрана
Idioma:russo
Publicado em: 2019
Colecção:Компьютерная графика и дизайн
Assuntos:
Acesso em linha:http://earchive.tpu.ru/handle/11683/52633
Formato: Recurso Electrónico Capítulo de Livro
KOHA link:https://koha.lib.tpu.ru/cgi-bin/koha/opac-detail.pl?biblionumber=629205

MARC

LEADER 00000naa2a2200000 4500
001 629205
005 20240119094940.0
035 |a (RuTPU)RU\TPU\conf\29653 
035 |a RU\TPU\conf\29651 
090 |a 629205 
100 |a 20190204d2019 k y0rusy50 ca 
101 0 |a rus 
102 |a RU 
105 |a y z 101zy 
135 |a drcn ---uucaa 
181 0 |a i  
182 0 |a b 
200 1 |a Разработка методики экспертизы дизайна сайта с целью выявления целесообразности его изменений  |f Е. Е. Козаченко, А. В. Шкляр 
203 |a Текст  |c электронный 
225 1 |a Компьютерная графика и дизайн 
300 |a Заглавие с титульного экрана 
320 |a [Библиогр.: с. 483 (3 назв.)] 
463 0 |0 (RuTPU)RU\TPU\conf\29427  |t Молодежь и современные информационные технологии  |o сборник трудов XVI Международной научно-практической конференции студентов, аспирантов и молодых учёных, 3-7 декабря 2018 г., г. Томск  |f Национальный исследовательский Томский политехнический университет, Инженерная школа информационных технологий и робототехники ; под ред. Д. М. Сонькина [и др.]  |v [С. 482-483]  |d 2019 
610 1 |a электронный ресурс 
610 1 |a труды учёных ТПУ 
610 1 |a методики 
610 1 |a экспертиза 
610 1 |a дизайн 
610 1 |a сайты 
610 1 |a целесообразность 
610 1 |a Web-дизайн 
610 1 |a критерии 
610 1 |a редизайн 
700 1 |a Козаченко  |b Е. Е.  |c специалист в области дизайна  |c ассистент кафедры Томского политехнического университета  |f 1995-  |g Екатерина Евгеньевна  |3 (RuTPU)RU\TPU\pers\47454 
701 1 |a Шкляр  |b А. В.  |c специалист в области информатики и вычислительной техники  |c старший преподаватель Томского политехнического университета  |f 1970-  |g Алексей Викторович  |3 (RuTPU)RU\TPU\pers\29787  |9 14264 
712 0 2 |a Национальный исследовательский Томский политехнический университет  |b Инженерная школа информационных технологий и робототехники  |b Отделение автоматизации и робототехники (ОАР)  |3 (RuTPU)RU\TPU\col\23553 
801 2 |a RU  |b 63413507  |c 20230117  |g RCR 
856 4 |u http://earchive.tpu.ru/handle/11683/52633 
942 |c BK